000 01184nam a2200325 a 4500
008
020 _a0435516086 (pbk.)
049 _aMAIN
090 _aQA76.9.M35
_bDIS
245 0 0 _aDiscrete mathematics /
_cwriters David Burghes ... [et al.] ; editor Nigel Price ; assistant editors Ann Ault, Peter Gwilliam.
250 _a2nd ed.
260 _aOxford :
_bHeinemann Educational,
_c1994.
300 _a285 p. :
_bill. ;
_c27 cm.
440 0 _aAEB mathematics for AS and A-Level.
500 _aPrevious ed.:1992.
504 _aIncludes bibliographical references.
500 _aIncludes index.
500 _aAt head of title: Centre for Innovation in Mathematics Teaching, University of Exeter.
650 0 _aMathematics
_xStudy and teaching (Secondary)
_zGreat Britain.
700 1 _aBurghes, D. N.
_q(David Noel)
700 1 _aPrice, Nigel.
700 1 _aAult, Ann.
700 1 _aGwilliam, Peter.
710 2 _aUniversity of Exeter.
_bCentre for Innovation in Mathematics Teaching.
907 _a.b10057080
_b26-04-12
_c17-04-03
003
005 20230123133434.0
040 _cNUST
942 _cBOOKS
_kQA76.9.M35
_mDIS
999 _c148607
_d148607